Preemptive Military Intervention of Big Power

Bibliographic Details
Main Author: Khan, Md. Maimul Ahsan
Other Authors: Jayshwal, Vijay Prasad, Rashid, Mamonor
Format: eBook
Language:English
Published: Londres: Lambert Academic Publishing, 2019
Subjects:
Online Access:Acceso restringido

MARC

LEADER 00000nam a22000007a 4500
005 20190918130920.0
007 cr|||| ||||
008 190918s2019 uk |||||s|||| 00||0 eng d
020 |a 9786139866458 
035 |a 25670 
040 |a vLex 
090 |c 9555  |d 9555 
100 1 |a Khan, Md. Maimul Ahsan 
245 1 0 |a Preemptive Military Intervention of Big Power  |h [Recurso electrn̤ico] /  |c Maimul Ahsan Khan, Vijay Prasad Jayshwal, Mamonor Rashid 
256 |a Servicio en ln̕ea 
260 |a Londres:  |b Lambert Academic Publishing,  |c 2019 
300 |a 1 recurso electrn̤ico 
500 |a The struggle for establishing legitimate rights is essentially a part and parcel of the very humane essence of every society. The legal system may facilitate the struggle or may create obstacles in ways of peaceful materialization of rights.1 Of course, the main object of any existing system of justice is to maintain the safety and security of the people and thereby make them pursue to adopt and adept to the legitimate measures of their happiness. For doing so, the state has to recognize and protect certain rights by punishing the perpetrators. 
506 1 |a Disponible solo en los productos indicados  |d vLex Global  |d vLex Global (Academic Edition, excluding Law Schools)  |d vLex Global (U.S. Academic Edition, Law Schools)  |d vLex Global (U.S. Academic Edition, excluding Law Schools)  |d vLex Global (Academic Edition, Law Schools) 
650 0 4 |a Derecho Internacional  |z Inglaterra 
700 1 |a Jayshwal, Vijay Prasad 
700 1 |a Rashid, Mamonor 
740 0 |a vLex Libros (Servicio en ln̕ea) 
856 4 0 |u http://vlex.com/source/25670  |z Acceso restringido 
942 |c BOOK 
999 0 |a International right